| 000 | 00621nam a2200121Ia 4500 | ||
|---|---|---|---|
| 008 | 220620s9999||||xx |||||||||||||| ||und|| | ||
| 245 | 0 | _aGlobal humanitarianism and media culture | |
| 546 | _aEnglish[eng] | ||
| 650 | _aPolitical Science||Humanitarianism||documentary||development||the Peace Corps||UNICEF||migration||media||narrative | ||
| 700 | _aLawrence, Michael||Tavernor, Rachel | ||
| 856 | _uhttps://library.oapen.org/bitstream/20.500.12657/25818/1/1004271.pdf||https://library.oapen.org/bitstream/20.500.12657/25818/1/1004271.pdf||https://library.oapen.org/bitstream/20.500.12657/25818/1/1004271.pdf | ||
| 942 | _cEB | ||
| 999 |
_c32440 _d32440 |
||